| 000 | 00644nam a2200181Ia 4500 | ||
|---|---|---|---|
| 008 | 190422s9999 xx 000 0 und d | ||
| 100 | _aZhang, I | ||
| 245 | _aBuilding Consistent Transactions with Inconsistent Replication/ | ||
| 245 | _cI. Zhang, N. K. Sharma, A. Szekeres, A. Krishnamurthy, D. R. K. Ports.-- | ||
| 260 | _bAssociation for Computing Machinery | ||
| 260 | _c2018 | ||
| 300 | _aDecember 2018 | ||
| 440 |
_aACM Transaction on Computer System _v35(4) |
||
| 650 | _aDistributed Database Transaction | ||
| 650 | _aDistributed Transactional Storage | ||
| 650 | _aInconsistent Replication | ||
| 650 | _aStrict Serializability | ||
| 999 |
_c361451 _d361451 |
||